| 000 | 00757ntm a22001937a 4500 | ||
|---|---|---|---|
| 005 | 20170810124746.0 | ||
| 008 | 170802s2013 xx a frb 000 0 eng d | ||
| 040 |
_aEG-ScBUE _beng _cEG-ScBUE |
||
| 082 | 0 | 4 |
_222 _a621 _bSAL |
| 245 | 0 | 0 |
_aDesign of a two-axis tracking photovoltaic system for smart grid connection / _cby Mostafa Salah (et al.). |
| 260 | _c2013. | ||
| 300 |
_avi, 101 p. : _bill. (col.) ; _c28 cm. |
||
| 500 | _aA dissertation submitted to the faculty of engineering, the British university in Egypt, in partial fulfillment of the requirements for the bachelor degree in mechanical engineering. | ||
| 590 | _aAishaa. | ||
| 650 | 7 |
_2BUEsh _aMechanical Engineering _vProjects |
|
| 653 |
_bENGMEC _cAugust2017 |
||
| 655 | _vSPRO | ||
| 942 | _2ddc | ||
| 999 |
_c25238 _d25210 |
||